Statistics for Countries that Start with the letter "C"

Click here to take the quiz!

General Stats

  • This quiz has been taken 14,140 times
    (1,965 since last reset)
  • The average score is 13 of 17

Answer Stats

Country% Correct
Canada
89%
Cambodia
85%
China
85%
Colombia
83%
Cameroon
80%
Croatia
80%
Chile
79%
Chad
76%
Czech Republic
74%
Cuba
73%
Comoros
71%
Costa Rica
70%
Congo (Republic of the)
69%
Congo (Democratic Republic of)
69%
Cyprus
69%
Central African Republic
58%
Cape verde
58%

Score Distribution

Percentile by Number Answered

Percent of People with Each Score

Your Score History

You have not taken this quiz since the last reset